Luis XIV /

Análisis de una de las formas de gobierno denominada monarquía que fue llevada al extremo durante el reinado de Luis XIV (1638-1715), monarca francés llamado El rey sol y conocido por su frase El Estado soy yo. El autor planea su estudio bajo tres tópicos: la configuración del reino de Luis XIV, su...

Ful tanımlama

Kaydedildi:
Detaylı Bibliyografya
Yazar: Belloc, Hilaire (autor)
Materyal Türü: Kitap
Dil:İspanyolca
Baskı/Yayın Bilgisi: Buenos Aires, Argentina : Juventud, 1946, c1946
Konular:
Etiketler: Etiketle
Etiket eklenmemiş, İlk siz ekleyin!

MARC

LEADER 00000nam^a2200000^a^4500
001 000094578
005 20250521000000.0
009 20260310092841.121
037 |a Acervo ITESO - Biblioteca 
041 |a ESP 
082 |a 944. 033  |b BEL 
100 |a Belloc, Hilaire  |e (autor) 
245 1 0 |a Luis XIV /  |c H. Belloc ; tr. por Eustasio de Amilibia. 
264 4 |a Buenos Aires, Argentina :  |b Juventud,  |c 1946, c1946 
300 |a 352 p. 
336 |a texto  |b txt  |2 rdacontenido 
337 |a sin mediación  |b n  |2 rdamedio 
338 |a volumen  |b nc  |2 rdasoporte 
520 |a Análisis de una de las formas de gobierno denominada monarquía que fue llevada al extremo durante el reinado de Luis XIV (1638-1715), monarca francés llamado El rey sol y conocido por su frase El Estado soy yo. El autor planea su estudio bajo tres tópicos: la configuración del reino de Luis XIV, su vida privada y sus actos de gobierno. 
649 |a XX 
650 |a Reyes Franceses -  |x Biografías 
650 |a Políticos Franceses -  |x Biografías 
650 |a Absolutismo -  |z Francia -  |x Historia 
650 |a Política -  |z Francia -  |x Historia -  |y Luis XIV, 1643-1715 
650 |a Francia -  |x Historia -  |y Luis XIV, 1643-1715 
650 |a Francia -  |x Historia -  |y Siglo XVII 
650 |a Francia -  |x Historia -  |y Borbones, 1589-1792 
650 |a Francia -  |x Historia -  |y Período Clásico, 1515-1774 
650 |a Luis XIV, Rey de Francia 
910 |a Fondo Jesús Rodríguez 
920 |a Impresos - Libros 
930 |a Fondos Especiales 
905 |a 113 
901 |a 0500028871  |b IT2  |c ESP  |u 20250521 
902 |a https://opac.biblio.iteso.mx/vufind/Record/000094578